One Image Multiple Realities (Record no. 8116)
[ view plain ]
| 000 -CABECERA | |
|---|---|
| campo de control de longitud fija | 00927nam a2200265 a 4500 |
| 001 - NÚMERO DE CONTROL | |
| campo de control | BRCA_8449 |
| 005 - FECHA Y HORA DE LA ÚLTIMA TRANSACCIÓN | |
| campo de control | 20190320210303.0 |
| 008 - DATOS DE LONGITUD FIJA--INFORMACIÓN GENERAL | |
| campo de control de longitud fija | 291015s2001----enka######---#000-0#eng-# |
| 041 ## - CÓDIGO DE LENGUA | |
| Código de lengua del texto/banda sonora o título independiente | eng |
| 044 ## - CÓDIGO DEL PAÍS DE LA ENTIDAD EDITORA/PRODUCTORA | |
| Código MARC del país | enk |
| 050 #4 - SIGNATURA TOPOGRÁFICA DE LA BIBLIOTECA DEL CONGRESO | |
| Número de clasificación | ND1312 |
| Número de documento/Ítem | .M37 2001 |
| 100 1# - ENTRADA PRINCIPAL--NOMBRE DE PERSONA | |
| Nombre de persona | Martínez Rodríguez, Fabiola |
| 9 (RLIN) | 21164 |
| 245 10 - MENCIÓN DE TÍTULO | |
| Título | One Image Multiple Realities |
| Resto del título | the Ambiguity of Mexican Colonial Casta Paintings. |
| 260 ## - PUBLICACIÓN, DISTRIBUCIÓN, ETC. | |
| Lugar de publicación, distribución, etc. | Londres |
| Nombre del editor, distribuidor, etc. | University College London, Department of Anthropololgy |
| Fecha de publicación, distribución, etc. | 2001 |
| 300 ## - DESCRIPCIÓN FÍSICA | |
| Extensión | 69 p. |
| Otras características físicas | il. |
| Dimensiones | 30 cm. |
| 500 ## - NOTA GENERAL | |
| Nota general | Incluye lista de ilustraciones |
| 500 ## - NOTA GENERAL | |
| Nota general | Ejemplar engargolado |
| 502 ## - NOTA DE TESIS | |
| Nota de tesis | Tesis Maestría (Maestra en Antropología del Arte) (UCL) Universidad de Londres, Departamento de Antropología |
| 504 ## - NOTA DE BIBLIOGRAFÍA, ETC. | |
| Nota de bibliografía, etc. | Bibliografía : p. 61-65 |
| 650 14 - PUNTO DE ACCESO ADICIONAL DE MATERIA--TÉRMINO DE MATERIA | |
| Término de materia o nombre geográfico como elemento de entrada | Pintura de castas |
| 9 (RLIN) | 4649 |
| 650 14 - PUNTO DE ACCESO ADICIONAL DE MATERIA--TÉRMINO DE MATERIA | |
| Término de materia o nombre geográfico como elemento de entrada | Pintura colonial |
| 9 (RLIN) | 11527 |
| 650 14 - PUNTO DE ACCESO ADICIONAL DE MATERIA--TÉRMINO DE MATERIA | |
| Término de materia o nombre geográfico como elemento de entrada | Vida social y costumbres |
| 9 (RLIN) | 4652 |
| 902 ## - CATALOGADOR | |
| Iniciales | TES |
| 942 ## - ELEMENTOS DE PUNTO DE ACCESO ADICIONAL (KOHA) | |
| Fuente del sistema de clasificación o colocación | Library of Congress Classification |
| Tipo de ítem Koha | Tesis |
| Estado de retiro | Estado de pérdida | Estado dañado | No para préstamo | Localización permanente | Ubicación/localización actual | Fecha de adquisición | Total de préstamos | Signatura topográfica completa | Código de barras | Fecha visto por última vez | Precio válido a partir de | Tipo de ítem Koha |
|---|---|---|---|---|---|---|---|---|---|---|---|---|
| El ejemplar forma parte de la colección y puede ser consultado según las políticas vigentes. | Biblioteca del Museo Franz Mayer (Rogerio Casas-Alatriste) | Biblioteca del Museo Franz Mayer (Rogerio Casas-Alatriste) | 29/10/2015 | ND1312 .M37 2001 | TES00062 | 22/03/2019 | 22/03/2019 | Tesis |